The ultimate microsoft office book
Αποθηκεύτηκε σε:
| Κύριος συγγραφέας: | |
|---|---|
| Μορφή: | Βιβλίο |
| Γλώσσα: | English |
| Δημοσίευση: |
Canada :
Macmillan,
1994
|
| Θέματα: | |
| Ετικέτες: |
Προσθήκη ετικέτας
Δεν υπάρχουν, Καταχωρήστε ετικέτα πρώτοι!
|
MARC
| LEADER | 00000nam a2200000 i 4500 | ||
|---|---|---|---|
| 001 | 1/78000 | ||
| 008 | 990406s1994 eng d | ||
| 020 | |a 1556156596 | ||
| 035 | |l 10050051 | ||
| 040 | |a GR-MY-UA |b gre |e aacr | ||
| 041 | 0 | |a eng | |
| 082 | 0 | |a 650.02855369 | |
| 100 | 1 | |a Stroo, Eric. | |
| 245 | 1 | 4 | |a The ultimate microsoft office book / |c Eric Stroo |
| 260 | |a Canada : |b Macmillan, |c 1994 | ||
| 300 | |a x, 323 p. | ||
| 500 | |a Integrating Microsoft Excel 5, Word 6, PowerPoint 4, and Microsoft Access 2 | ||
| 504 | |a Includes index | ||
| 630 | 0 | 0 | |a Microsoft Office. |
| 630 | 0 | 0 | |a Microsoft Windows (Computer file) |
| 630 | 0 | 0 | |a Microsoft Word. |
| 630 | 0 | 0 | |a Microsoft Excel (Computer file) |
| 630 | 0 | 0 | |a Microsoft PowerPoint (Computer file) |
| 630 | 0 | 0 | |a Microsoft Mail. |
| 630 | 0 | 0 | |a Microsoft Access. |
| 650 | 0 | 0 | |a Business |x Computer programs. |
| 852 | |a INST |b CHIOS |e 19990406 |h 650.02855369 STR |p 005200014472 |q 005200014472 |t BK |y 0 | ||
| 901 | |a BIBL-1999-1 | ||
| 909 | |a Χ |b 055702 | ||
| 922 | |a 2ΔΩΡ |b 199904 |c ΝΙΚΟΛΟΥΔΗΣ | ||